<?xml version="1.0" encoding="UTF-8"?>
<record
    xmlns:xsi="http://www.w3.org/2001/XMLSchema-instance"
    xsi:schemaLocation="http://www.loc.gov/MARC21/slim http://www.loc.gov/standards/marcxml/schema/MARC21slim.xsd"
    xmlns="http://www.loc.gov/MARC21/slim">

  <leader>00668nam a2200241 a 4500</leader>
  <datafield tag="999" ind1=" " ind2=" ">
    <subfield code="c">2951</subfield>
    <subfield code="d">2951</subfield>
  </datafield>
  <controlfield tag="007">ta</controlfield>
  <controlfield tag="008">240205s2016    ii a|||g |||| 00| 0 eng d</controlfield>
  <datafield tag="020" ind1=" " ind2=" ">
    <subfield code="a">9788173177576</subfield>
    <subfield code="c">Rs. 238.50</subfield>
  </datafield>
  <datafield tag="040" ind1=" " ind2=" ">
    <subfield code="a">KO</subfield>
    <subfield code="b">eng</subfield>
  </datafield>
  <datafield tag="041" ind1="0" ind2=" ">
    <subfield code="a">eng</subfield>
  </datafield>
  <datafield tag="044" ind1=" " ind2=" ">
    <subfield code="a">ii</subfield>
  </datafield>
  <datafield tag="082" ind1="0" ind2="4">
    <subfield code="2">23</subfield>
    <subfield code="a">671.52</subfield>
    <subfield code="b">Se75</subfield>
  </datafield>
  <datafield tag="100" ind1="1" ind2=" ">
    <subfield code="a">Sethi, G. S.</subfield>
  </datafield>
  <datafield tag="245" ind1="1" ind2="0">
    <subfield code="a">Welder :</subfield>
    <subfield code="b">trade theory with assignment/Test - Solved ; sector: fabrication /</subfield>
  </datafield>
  <datafield tag="250" ind1=" " ind2=" ">
    <subfield code="a">4th ed.</subfield>
  </datafield>
  <datafield tag="260" ind1=" " ind2=" ">
    <subfield code="a">New Delhi :</subfield>
    <subfield code="b">Asian Publishers,</subfield>
    <subfield code="c">2016</subfield>
  </datafield>
  <datafield tag="300" ind1=" " ind2=" ">
    <subfield code="a">Various pagination :</subfield>
    <subfield code="b">ill. ;</subfield>
    <subfield code="c">28 cm.</subfield>
  </datafield>
  <datafield tag="650" ind1=" " ind2="0">
    <subfield code="a">Welding</subfield>
    <subfield code="v">Textbooks</subfield>
  </datafield>
  <datafield tag="650" ind1=" " ind2="0">
    <subfield code="a">Welding--Equipment and supplies</subfield>
  </datafield>
  <datafield tag="852" ind1=" " ind2=" ">
    <subfield code="a">KO</subfield>
  </datafield>
  <datafield tag="904" ind1=" " ind2=" ">
    <subfield code="a">A_BOSE</subfield>
  </datafield>
  <datafield tag="942" ind1=" " ind2=" ">
    <subfield code="c">GR</subfield>
  </datafield>
  <datafield tag="952" ind1=" " ind2=" ">
    <subfield code="0">0</subfield>
    <subfield code="1">0</subfield>
    <subfield code="2">ddc</subfield>
    <subfield code="4">0</subfield>
    <subfield code="6">671_520000000000000_SE75</subfield>
    <subfield code="7">0</subfield>
    <subfield code="8">ENGS</subfield>
    <subfield code="9">7962</subfield>
    <subfield code="a">KO</subfield>
    <subfield code="b">KO</subfield>
    <subfield code="c">GEN</subfield>
    <subfield code="d">2024-02-05</subfield>
    <subfield code="e">Donated Books by Adarsh Kumar Bansal(SBR Student, 2016-19)</subfield>
    <subfield code="g">238.50</subfield>
    <subfield code="o">671.52 Se75</subfield>
    <subfield code="p">G0229</subfield>
    <subfield code="r">2024-10-03</subfield>
    <subfield code="y">GR</subfield>
    <subfield code="z">Gen. Shelf-46, Row-1</subfield>
  </datafield>
  <datafield tag="952" ind1=" " ind2=" ">
    <subfield code="0">0</subfield>
    <subfield code="1">0</subfield>
    <subfield code="2">ddc</subfield>
    <subfield code="4">0</subfield>
    <subfield code="6">671_520000000000000_SE75</subfield>
    <subfield code="7">0</subfield>
    <subfield code="8">ENGS</subfield>
    <subfield code="9">8012</subfield>
    <subfield code="a">KO</subfield>
    <subfield code="b">KO</subfield>
    <subfield code="c">GEN</subfield>
    <subfield code="d">2024-11-20</subfield>
    <subfield code="e">Books received from the Stores</subfield>
    <subfield code="g">238.50</subfield>
    <subfield code="o">671.52 Se75</subfield>
    <subfield code="p">G0287</subfield>
    <subfield code="r">2024-11-20</subfield>
    <subfield code="y">GR</subfield>
    <subfield code="z">Gen. Shelf-46, Row-1</subfield>
  </datafield>
  <datafield tag="952" ind1=" " ind2=" ">
    <subfield code="0">0</subfield>
    <subfield code="1">0</subfield>
    <subfield code="2">ddc</subfield>
    <subfield code="4">0</subfield>
    <subfield code="6">671_520000000000000_SE75</subfield>
    <subfield code="7">0</subfield>
    <subfield code="8">ENGS</subfield>
    <subfield code="9">8013</subfield>
    <subfield code="a">KO</subfield>
    <subfield code="b">KO</subfield>
    <subfield code="c">GEN</subfield>
    <subfield code="d">2024-11-20</subfield>
    <subfield code="e">Books received from the Stores</subfield>
    <subfield code="g">238.50</subfield>
    <subfield code="o">671.52 Se75</subfield>
    <subfield code="p">G0288</subfield>
    <subfield code="r">2024-11-20</subfield>
    <subfield code="y">GR</subfield>
    <subfield code="z">Gen. Shelf-46, Row-1</subfield>
  </datafield>
  <datafield tag="952" ind1=" " ind2=" ">
    <subfield code="0">0</subfield>
    <subfield code="1">0</subfield>
    <subfield code="2">ddc</subfield>
    <subfield code="4">0</subfield>
    <subfield code="6">671_520000000000000_SE75</subfield>
    <subfield code="7">0</subfield>
    <subfield code="8">ENGS</subfield>
    <subfield code="9">8014</subfield>
    <subfield code="a">KO</subfield>
    <subfield code="b">KO</subfield>
    <subfield code="c">GEN</subfield>
    <subfield code="d">2024-11-20</subfield>
    <subfield code="e">Books received from the Stores</subfield>
    <subfield code="g">238.50</subfield>
    <subfield code="o">671.52 Se75</subfield>
    <subfield code="p">G0289</subfield>
    <subfield code="r">2024-11-20</subfield>
    <subfield code="y">GR</subfield>
    <subfield code="z">Gen. Shelf-46, Row-1</subfield>
  </datafield>
  <datafield tag="952" ind1=" " ind2=" ">
    <subfield code="0">0</subfield>
    <subfield code="1">0</subfield>
    <subfield code="2">ddc</subfield>
    <subfield code="4">0</subfield>
    <subfield code="6">671_520000000000000_SE75</subfield>
    <subfield code="7">0</subfield>
    <subfield code="8">ENGS</subfield>
    <subfield code="9">8015</subfield>
    <subfield code="a">KO</subfield>
    <subfield code="b">KO</subfield>
    <subfield code="c">GEN</subfield>
    <subfield code="d">2024-11-20</subfield>
    <subfield code="e">Books received from the Stores</subfield>
    <subfield code="g">238.50</subfield>
    <subfield code="o">671.52 Se75</subfield>
    <subfield code="p">G0290</subfield>
    <subfield code="r">2024-11-20</subfield>
    <subfield code="y">GR</subfield>
    <subfield code="z">Gen. Shelf-46, Row-1</subfield>
  </datafield>
  <datafield tag="952" ind1=" " ind2=" ">
    <subfield code="0">0</subfield>
    <subfield code="1">0</subfield>
    <subfield code="2">ddc</subfield>
    <subfield code="4">0</subfield>
    <subfield code="6">671_520000000000000_SE75</subfield>
    <subfield code="7">0</subfield>
    <subfield code="8">ENGS</subfield>
    <subfield code="9">8016</subfield>
    <subfield code="a">KO</subfield>
    <subfield code="b">KO</subfield>
    <subfield code="c">GEN</subfield>
    <subfield code="d">2024-11-20</subfield>
    <subfield code="e">Books received from the Stores</subfield>
    <subfield code="g">238.50</subfield>
    <subfield code="o">671.52 Se75</subfield>
    <subfield code="p">G0291</subfield>
    <subfield code="r">2024-11-20</subfield>
    <subfield code="y">GR</subfield>
    <subfield code="z">Gen. Shelf-46, Row-1</subfield>
  </datafield>
  <datafield tag="952" ind1=" " ind2=" ">
    <subfield code="0">0</subfield>
    <subfield code="1">0</subfield>
    <subfield code="2">ddc</subfield>
    <subfield code="4">0</subfield>
    <subfield code="6">671_520000000000000_SE75</subfield>
    <subfield code="7">0</subfield>
    <subfield code="8">ENGS</subfield>
    <subfield code="9">8017</subfield>
    <subfield code="a">KO</subfield>
    <subfield code="b">KO</subfield>
    <subfield code="c">GEN</subfield>
    <subfield code="d">2024-11-20</subfield>
    <subfield code="e">Books received from the Stores</subfield>
    <subfield code="g">238.50</subfield>
    <subfield code="o">671.52 Se75</subfield>
    <subfield code="p">G0292</subfield>
    <subfield code="r">2024-11-20</subfield>
    <subfield code="y">GR</subfield>
    <subfield code="z">Gen. Shelf-46, Row-1</subfield>
  </datafield>
</record>
